000 01637nam a2200481 i 4500
001 14445
003 KOSZ 005
005 20200624113907.0
008 190622s1972 pl a f 000 0 pol
015 _aPB 1972/3156
035 _a991035175759705066
035 _a(PL-WaBN)b19459221-48omnis_nlop
035 _ab19459221
035 _a(OCoLC)839072094
035 _a(PL)b0000001945922
035 _a(EXLNZ-48OMNIS_NETWORK)9910517898805606
040 _aWA N
_cWA N
_dKOSZ 005/RW
046 _k1972
080 _a626/627
080 _a556.5
080 _a532
100 1 _aByczkowski, Andrzej
_d(1931- ).
_eAutor
245 1 0 _aHydrologiczne podstawy projektowania budowli wodno-melioracyjnych :
_bprzepływy ekstremalne /
_cAndrzej Byczkowski.
260 _aWarszawa :
_bPaństwowe Wydawnictwo Rolnicze i Leśne,
_c1972.
300 _a286, [2] stron :
_bilustracje ;
_c25 cm.
336 _aTekst
_btxt
_2rdacontent
337 _aBez urządzenia pośredniczącego
_bn
_2rdamedia
338 _aWolumin
_bnc
_2rdacarrier
380 _aKsiążki
380 _aPublikacje fachowe
388 _a1901-2000
504 _aBibliografia na stronach 205-[208].
650 7 _aHydrologia
658 _aGeografia i nauki o Ziemi
658 _aArchitektura i budownictwo
650 7 _aHydrotechnika
_2DBN
650 7 _aPrzepływ
_2DBN
650 7 _aRzeki
_2DBN
710 2 _aPaństwowe Wydawnictwo Rolnicze i Leśne
_4pbl
856 _uhttp://koha.tu.koszalin.pl/cgi-bin/koha/opac-detail.pl?biblionumber=14445
_yKatalog online BPK
942 _2UKD
_cKS
999 _c14445
_d14445